Practical wap : developing applications for the wireless web (Record no. 5850)

MARC details
000 -LEADER
fixed length control field 00453 a2200169 4500
001 - CONTROL NUMBER
control field 131330
003 - CONTROL NUMBER IDENTIFIER
control field OSt
005 - DATE AND TIME OF LATEST TRANSACTION
control field 20210913095350.0
008 - FIXED-LENGTH DATA ELEMENTS--GENERAL INFORMATION
fixed length control field
082 ## - DEWEY DECIMAL CLASSIFICATION NUMBER
Classification number 832.6
Item number B43P
100 1# - MAIN ENTRY--PERSONAL NAME
Personal name Bennett, Chris
245 1# - TITLE STATEMENT
Title Practical wap : developing applications for the wireless web
Statement of responsibility, etc by Chris Bennett
260 ## - PUBLICATION, DISTRIBUTION, ETC. (IMPRINT)
Place of publication, distribution, etc Uk
Name of publisher, distributor, etc Cambridge university press
Date of publication, distribution, etc 2001
300 ## - PHYSICAL DESCRIPTION
Extent 424p.
690 ## - LOCAL SUBJECT ADDED ENTRY--TOPICAL TERM (OCLC, RLIN)
Topical term or geographic name as entry element Wireless web;
942 ## - ADDED ENTRY ELEMENTS (KOHA)
Source of classification or shelving scheme Dewey Decimal Classification
Koha item type Books
Holdings
Withdrawn status Lost status Source of classification or shelving scheme Damaged status Not for loan Collection code Home library Current library Date acquired Source of acquisition Cost, normal purchase price Full call number Barcode Date last seen Price effective from Koha item type
    Dewey Decimal Classification     General Text Book Central University Of Rajasthan Central University Of Rajasthan 08/06/2012 CSC 40.00 832.6 B43P 7408 21/11/2024 02/09/2020 Books